000 00272nam a2200109Ia 4500
008 200302s9999 xx 000 0 und d
100 _aArthur Gao ed.
245 _aBuilding Skin and Details
260 _bDesign Media Publishing Limited
260 _c2010
300 _a287 P.,
999 _c3873
_d3873